Animated 'S' Verbs II Quiz Stats

 Plays Quiz Updated May 2, 2015

Also try: Animated 'S' Verbs
Challenge
Share
Tweet
Score 0/25 Timer 07:00
1 Play Today
% Correct
Spinning
98.2%
Slapping
97%
Singing
96.1%
Signaling
95.4%
Snoring
94.9%
Swinging
94.7%
Screaming
94.4%
Sawing
94.2%
Stealing
94%
Spraying
93.8%
Sailing
93.6%
Spying
92.7%
Spitting
92.3%
% Correct
Sliding
91.7%
Scratching
91.7%
Spilling
91.5%
Sniffing
91.5%
Snapping
90.8%
Stripping
87.8%
Scoring
86.6%
Stacking
84.8%
Sliming
84.5%
Scaring
83.1%
Spelling
81.3%
Squeegeeing
71.7%

You're not logged in!

Compare scores with friends on all Sporcle quizzes.
Join for Free
OR
Log In

You Might Also Like...

Show Comments

Extras

Top Quizzes Today


Score Distribution

Your Account Isn't Verified!

In order to create a playlist on Sporcle, you need to verify the email address you used during registration. Go to your Sporcle Settings to finish the process.

Report this User

Report this user for behavior that violates our Community Guidelines.

Details: